コンテンツを見る

Диагностика и методы измерений на принципах нелинейной акустики Учебное пособие

Представленный материал продолжает [ряд оригинальных работ авторов полученных по результатам исследований в области нелинейной акустики жидкостей и твердых тел по направлениям акустической диагностики и акустических измерений. Все материалы представлены теоретическими рассмотрениями экспериментальны...

詳細記述

保存先:
書誌詳細
第一著者: Заграй Н.П
フォーマット: Учебное пособие
オンライン・アクセス:https://znanium.com/catalog/document?id=339789
https://znanium.com/cover/1021/1021553.jpg
タグ: タグ追加
タグなし, このレコードへの初めてのタグを付けませんか!
LEADER 03610nam0a2200361 i 4500
001 RU\infra-m\znanium\bibl\1021553
003 https://znanium.com/catalog/document?id=339789
005 20190810000000.0
010 |a 978-5-9275-2479-2 
100 |a 20190810d2019 m y0rusy0150 ca 
101 0 |a rus 
102 |a RU 
200 1 |a Диагностика и методы измерений на принципах нелинейной акустики  |e Учебное пособие  |f Южный федеральный университет 
210 1 |a Ростов-на-Дону  |c Издательство Южного федерального университета (ЮФУ)  |d 2017 
215 |a 153 с. 
330 |a Представленный материал продолжает [ряд оригинальных работ авторов полученных по результатам исследований в области нелинейной акустики жидкостей и твердых тел по направлениям акустической диагностики и акустических измерений. Все материалы представлены теоретическими рассмотрениями экспериментальными результатами методиками постановки и анализа исследований а также результатами измерений и описанием предлагаемых инженерных решений. При этом проблемы рассмотрения опубликованы в периодической научной печати и представляют результаты исследований авторов в развитии некоторых прикладных аспектов нелинейной акустики. Работа предназначена и будет интересна магистрам и аспирантам физических приборостроительных и радиотехнических направлений подготовки а также студентам и специалистам интересующимся актуальными проблемами нелинейной акустики и областями ее приложений. Разделы 1 2 3 4 5 б 7 8 Введение и Заключение подготовил Н. П. Заграй содержание раделов 9 10 11 12 13 14 предоставлено А. М. Гавриловым. 
333 |a ВО - Магистратура 
606 |a Физико-математические науки  |x Акустика  |2 local 
608 |a Учебное пособие  |2 local 
675 |a 534  |z rus 
686 |a 328  |2 rubbk 
686 |a 03.04.02  |2 okso 
686 |a 03.04.03  |2 okso 
686 |a 04.04.02  |2 okso 
686 |a 11.04.01  |2 okso 
686 |a 11.06.01  |2 okso 
686 |a 12.04.01  |2 okso 
686 |a 16.04.01  |2 okso 
700 1 |a Заграй  |b Н.П.  |g Николай Петрович  |p Южный федеральный университет 
701 1 |a Гаврилов  |b А.М.  |g Александр Максимович 
801 0 |a RU  |b Общество с ограниченной ответственностью «ЗНАНИУМ»  |c 20190312  |2 rusmarc 
856 4 |a znanium.com  |m ebs_support@infra-m.ru  |n НИЦ ИНФРА-М  |u https://znanium.com/catalog/document?id=339789 
856 4 1 |a znanium.com  |d /cover/1021  |f 1021553.jpg  |q image/jpeg  |u https://znanium.com/cover/1021/1021553.jpg